| 000 | 00435nam a22001817a 4500 | ||
|---|---|---|---|
| 003 | MPLRDC | ||
| 005 | 20220104151946.0 | ||
| 008 | 210129b ||||| |||| 00| 0 eng d | ||
| 020 | _a962-8143-02-6 | ||
| 082 | _a271.96 LHZ | ||
| 100 | _a李洪志 | ||
| 245 |
_a转法轮 _c |
||
| 250 | _a三版 | ||
| 260 |
_a _b法轮佛法出版社 _c1996 |
||
| 300 | _b平 | ||
| 650 | _a中国其他宗教--法轮功 | ||
| 942 |
_cBK _o271.96 LHZ |
||
| 999 |
_c52637 _d52627 |
||